Statistics for FIFA Team of the Year 2014

Click here to take the quiz!

General Stats

  • This quiz has been taken 1,292 times
  • The average score is 8 of 11

Answer Stats

PositionPlayer% Correct
FWCristiano Ronaldo
99%
FWLionel Messi
98%
GKManuel Neuer
92%
MFAndres Iniesta
87%
DFSergio Ramos
82%
DFThiago Silva
73%
DFPhilipp Lahm
67%
DFDavid Luiz
62%
MFToni Kroos
58%
FWArjen Robben
56%
MFAngel Di Maria
32%

Score Distribution

Percentile by Number Answered

Percent of People with Each Score

Your Score History

You have not taken this quiz